D. A. D. A a Magyar Rendőrség Általános Iskolai Drogmegelőzési Programja /

Elmentve itt :
Bibliográfiai részletek
Szerzők: Orlay Ibolya
Cseres Judit
Dokumentumtípus: Cikk
Megjelent: 1995
Sorozat:Iskolakultúra 5 No. 13-14
Kulcsszavak:Oktatásügy - Magyarország - 20. sz., Kábítószer élvezete - fiatalkorúak - Magyarország, Kábítószer élvezete - fiatalkorúak - megelőzés
Online Access:http://misc.bibl.u-szeged.hu/44755
LEADER 00802nab a2200193 i 4500
001 misc44755
005 20191106141113.0
008 181008s1995 hu o 0|| zxx d
022 |a 1215-5233 
040 |a SZTE Miscellanea Repozitórium  |b hun 
041 |a zxx 
100 1 |a Orlay Ibolya 
245 1 0 |a D. A. D. A   |h [elektronikus dokumentum] :  |b a Magyar Rendőrség Általános Iskolai Drogmegelőzési Programja /  |c  Orlay Ibolya 
260 |c 1995 
300 |a 85-90 
490 0 |a Iskolakultúra  |v 5 No. 13-14 
695 |a Oktatásügy - Magyarország - 20. sz., Kábítószer élvezete - fiatalkorúak - Magyarország, Kábítószer élvezete - fiatalkorúak - megelőzés 
700 0 1 |a Cseres Judit  |e aut 
856 4 0 |u http://misc.bibl.u-szeged.hu/44755/1/iskolakultura_1995_013_014_085-090.pdf  |z Dokumentum-elérés